| 000 | 01068nam a2200253 i 4500 | ||
|---|---|---|---|
| 003 | DO-SdBNP | ||
| 005 | 20240704090317.0 | ||
| 007 | ta | ||
| 008 | 240704s2024 dr 000 0 spa d | ||
| 040 |
_aDO-SdBNP _bspa _cBNPHU _erda |
||
| 082 |
_bF293 _222 |
||
| 110 |
_aFederación Dominicana de Municipios (FEDOMU) _984131 |
||
| 240 | 1 | _aLeyes, estatutos, etc. [del catálogo antiguo] | |
| 245 | 1 | 0 |
_aLey orgánica 345-22 : _bde regiones únicas de planificación de la República Dominicana / |
| 264 | 1 |
_aSanto Domingo _bFEDOMU, _c2024. |
|
| 300 |
_a19 páginas _c22 cm. |
||
| 336 |
_2rdacontent _atexto _btxt |
||
| 337 |
_2rdamedia _asin mediación _bn |
||
| 338 |
_2rdacarrier _avolumen _bnc |
||
| 500 | _aEsta publicación se realiza en el marco del proyecto: "Diseño metodológico y elaboración del perfil integral de desarrollo de la región Cibao Norte", ejecutado por Fedomu con el apoyo técnico y financiero de la Agencia de Cooperación Internacional del Japón (JICA)- | ||
| 590 | _aInventariado, 2024/ YL | ||
| 910 | _aYLockward | ||
| 942 |
_2ddc _cLF2 |
||
| 999 |
_c57144 _d57144 |
||